<?xml version="1.0" encoding="UTF-8"?>
<record
    xmlns:xsi="http://www.w3.org/2001/XMLSchema-instance"
    xsi:schemaLocation="http://www.loc.gov/MARC21/slim http://www.loc.gov/standards/marcxml/schema/MARC21slim.xsd"
    xmlns="http://www.loc.gov/MARC21/slim">

  <leader>03403njm a2200565Ia 4500</leader>
  <controlfield tag="001">26713</controlfield>
  <controlfield tag="003">IT-RoPAU</controlfield>
  <controlfield tag="005">20220918181110.0</controlfield>
  <controlfield tag="008">131025s9999    xx            000 0 und d</controlfield>
  <datafield tag="040" ind1=" " ind2=" ">
    <subfield code="a">IT-RoPAU</subfield>
  </datafield>
  <datafield tag="040" ind1=" " ind2=" ">
    <subfield code="c">IT-RoPAU</subfield>
  </datafield>
  <datafield tag="041" ind1=" " ind2=" ">
    <subfield code="a">INGLESE</subfield>
  </datafield>
  <datafield tag="999" ind1=" " ind2=" ">
    <subfield code="c">98886</subfield>
    <subfield code="d">98886</subfield>
  </datafield>
  <datafield tag="999" ind1=" " ind2=" ">
    <subfield code="b">n.d.</subfield>
  </datafield>
  <datafield tag="100" ind1=" " ind2=" ">
    <subfield code="a">Presley Elvis</subfield>
    <subfield code="9">16422</subfield>
  </datafield>
  <datafield tag="100" ind1=" " ind2=" ">
    <subfield code="e">Autore musica</subfield>
    <subfield code="9">16423</subfield>
  </datafield>
  <datafield tag="100" ind1=" " ind2=" ">
    <subfield code="g">Codice autore musica SPICS: 11085</subfield>
    <subfield code="9">16424</subfield>
  </datafield>
  <datafield tag="245" ind1=" " ind2=" ">
    <subfield code="a">Elvis Presley-The Collection vol. 2</subfield>
  </datafield>
  <datafield tag="250" ind1=" " ind2=" ">
    <subfield code="a">1a ed.</subfield>
  </datafield>
  <datafield tag="260" ind1=" " ind2=" ">
    <subfield code="a">NEW YORK</subfield>
  </datafield>
  <datafield tag="260" ind1=" " ind2=" ">
    <subfield code="b">RCA RECORDS</subfield>
    <subfield code="c">1984 [1a Ed.:1984]</subfield>
  </datafield>
  <datafield tag="300" ind1=" " ind2=" ">
    <subfield code="a">COMPACT DISC</subfield>
  </datafield>
  <datafield tag="300" ind1=" " ind2=" ">
    <subfield code="c">36 minuti (Testo:  pag.)</subfield>
  </datafield>
  <datafield tag="500" ind1=" " ind2=" ">
    <subfield code="a">Musica rock</subfield>
  </datafield>
  <datafield tag="505" ind1=" " ind2=" ">
    <subfield code="a">Teddy Bear (2:00) - Party (2:00) - Jailhouse Rock (3:00) - Don't (3:00) - King Creole (3:00) - Wear My Ring Around Your Neck (3:00) - A Big Hunk O'Love (4:00) - A Fool Such As I (3:00) - My Wish Came True (3:00) - I Got Stung (2:00) - It's Now Or Never (4:00) - Stuck On You (3:00) - The Girl of My Best Friend (3:00) - A Mess of Blues (3:00) - Are You Lonesome Tonight (4:00)</subfield>
  </datafield>
  <datafield tag="650" ind1=" " ind2=" ">
    <subfield code="a">ROCK [COMPACT DISC]</subfield>
    <subfield code="e">Codice MATERIA SPICS: 9949</subfield>
    <subfield code="9">16425</subfield>
  </datafield>
  <datafield tag="700" ind1=" " ind2=" ">
    <subfield code="a">AA.VV.</subfield>
    <subfield code="e">Autore</subfield>
    <subfield code="g">Codice autore SPICS: 12000</subfield>
    <subfield code="9">799</subfield>
  </datafield>
  <datafield tag="700" ind1=" " ind2=" ">
    <subfield code="a">Presley Elvis</subfield>
    <subfield code="g">Codice interprete SPICS: 11085</subfield>
    <subfield code="e">Interprete</subfield>
    <subfield code="9">16426</subfield>
  </datafield>
  <datafield tag="700" ind1=" " ind2=" ">
    <subfield code="a">Mann</subfield>
    <subfield code="g">Codice autore musica SPICS: 22948</subfield>
    <subfield code="e">Autore musica</subfield>
    <subfield code="p">Teddy Bear</subfield>
    <subfield code="9">16427</subfield>
  </datafield>
  <datafield tag="700" ind1=" " ind2=" ">
    <subfield code="a">Lowe</subfield>
    <subfield code="g">Codice autore SPICS: 23698</subfield>
    <subfield code="e">Autore</subfield>
    <subfield code="p">Teddy Bear</subfield>
    <subfield code="9">16428</subfield>
  </datafield>
  <datafield tag="700" ind1=" " ind2=" ">
    <subfield code="a">Robinson</subfield>
    <subfield code="g">Codice autore musica SPICS: 19976</subfield>
    <subfield code="e">Autore musica</subfield>
    <subfield code="p">Party</subfield>
    <subfield code="9">16429</subfield>
  </datafield>
  <datafield tag="700" ind1=" " ind2=" ">
    <subfield code="a">Leiber Jerry</subfield>
    <subfield code="g">Codice autore musica SPICS: 15585</subfield>
    <subfield code="e">Autore musica</subfield>
    <subfield code="p">Jailhouse Rock - Don't - King Creole</subfield>
    <subfield code="9">16430</subfield>
  </datafield>
  <datafield tag="700" ind1=" " ind2=" ">
    <subfield code="a">Stoller Mike</subfield>
    <subfield code="g">Codice autore SPICS: 15921</subfield>
    <subfield code="e">Autore</subfield>
    <subfield code="p">Jailhouse Rock - Don't - King Creole</subfield>
    <subfield code="9">16431</subfield>
  </datafield>
  <datafield tag="700" ind1=" " ind2=" ">
    <subfield code="a">Carroll Gregory</subfield>
    <subfield code="g">Codice autore musica SPICS: 25673</subfield>
    <subfield code="e">Autore musica</subfield>
    <subfield code="p">Wear My Ring Around Your Neck</subfield>
    <subfield code="9">16432</subfield>
  </datafield>
  <datafield tag="700" ind1=" " ind2=" ">
    <subfield code="a">Moody J.</subfield>
    <subfield code="g">Codice autore SPICS: 25646</subfield>
    <subfield code="e">Autore</subfield>
    <subfield code="p">Wear My Ring Around Your Neck</subfield>
    <subfield code="9">16433</subfield>
  </datafield>
  <datafield tag="700" ind1=" " ind2=" ">
    <subfield code="a">Schroeder A.</subfield>
    <subfield code="g">Codice autore musica SPICS: 25705</subfield>
    <subfield code="e">Autore musica</subfield>
    <subfield code="p">A Big Hunk O'Love - I Got Stung - It's Now Or Never - Stuck On You</subfield>
    <subfield code="9">16434</subfield>
  </datafield>
  <datafield tag="700" ind1=" " ind2=" ">
    <subfield code="a">Wysche</subfield>
    <subfield code="g">Codice autore SPICS: 32991</subfield>
    <subfield code="e">Autore</subfield>
    <subfield code="p">A Big Hunk O'Love</subfield>
    <subfield code="9">16435</subfield>
  </datafield>
  <datafield tag="700" ind1=" " ind2=" ">
    <subfield code="a">Trader</subfield>
    <subfield code="g">Codice autore musica SPICS: 32992</subfield>
    <subfield code="e">Autore musica</subfield>
    <subfield code="p">A Fool Such As I</subfield>
    <subfield code="9">16436</subfield>
  </datafield>
  <datafield tag="700" ind1=" " ind2=" ">
    <subfield code="a">Hunter</subfield>
    <subfield code="g">Codice autore musica SPICS: 10150</subfield>
    <subfield code="e">Autore musica</subfield>
    <subfield code="p">My Wish Came True</subfield>
    <subfield code="9">16437</subfield>
  </datafield>
  <datafield tag="700" ind1=" " ind2=" ">
    <subfield code="a">Hill Anne</subfield>
    <subfield code="g">Codice autore SPICS: 13361</subfield>
    <subfield code="e">Autore</subfield>
    <subfield code="p">I Got Stung</subfield>
    <subfield code="9">16438</subfield>
  </datafield>
  <datafield tag="700" ind1=" " ind2=" ">
    <subfield code="a">Di Capua Edoardo</subfield>
    <subfield code="g">Codice autore musica SPICS: 13138</subfield>
    <subfield code="e">Autore musica</subfield>
    <subfield code="p">It's Now Or Never</subfield>
    <subfield code="9">16439</subfield>
  </datafield>
  <datafield tag="700" ind1=" " ind2=" ">
    <subfield code="a">Gold A.</subfield>
    <subfield code="g">Codice autore testo/musica SPICS: 25173</subfield>
    <subfield code="e">Autore testo/musica</subfield>
    <subfield code="p">It's Now Or Never</subfield>
    <subfield code="9">16440</subfield>
  </datafield>
  <datafield tag="700" ind1=" " ind2=" ">
    <subfield code="a">McFarland</subfield>
    <subfield code="g">Codice autore SPICS: 32994</subfield>
    <subfield code="e">Autore</subfield>
    <subfield code="p">Stuck On You</subfield>
    <subfield code="9">16441</subfield>
  </datafield>
  <datafield tag="700" ind1=" " ind2=" ">
    <subfield code="a">Robb</subfield>
    <subfield code="g">Codice autore musica SPICS: 32995</subfield>
    <subfield code="e">Autore musica</subfield>
    <subfield code="p">The Girl of My Best Friend</subfield>
    <subfield code="9">16442</subfield>
  </datafield>
  <datafield tag="700" ind1=" " ind2=" ">
    <subfield code="a">Bobrick</subfield>
    <subfield code="g">Codice autore SPICS: 32996</subfield>
    <subfield code="e">Autore</subfield>
    <subfield code="p">The Girl of My Best Friend</subfield>
    <subfield code="9">16443</subfield>
  </datafield>
  <datafield tag="700" ind1=" " ind2=" ">
    <subfield code="a">Pomus</subfield>
    <subfield code="g">Codice autore musica SPICS: 30277</subfield>
    <subfield code="e">Autore musica</subfield>
    <subfield code="p">A Mess of Blues</subfield>
    <subfield code="9">16444</subfield>
  </datafield>
  <datafield tag="700" ind1=" " ind2=" ">
    <subfield code="a">Shuman</subfield>
    <subfield code="g">Codice autore SPICS: 30276</subfield>
    <subfield code="e">Autore musica</subfield>
    <subfield code="p">A Mess of Blues</subfield>
    <subfield code="9">16445</subfield>
  </datafield>
  <datafield tag="700" ind1=" " ind2=" ">
    <subfield code="a">Turk R.</subfield>
    <subfield code="g">Codice autore musica SPICS: 18050</subfield>
    <subfield code="e">Autore musica</subfield>
    <subfield code="p">Are You Lonesome Tonight</subfield>
    <subfield code="9">16446</subfield>
  </datafield>
  <datafield tag="700" ind1=" " ind2=" ">
    <subfield code="a">Handman Turk</subfield>
    <subfield code="g">Codice autore SPICS: 27723</subfield>
    <subfield code="e">Autore</subfield>
    <subfield code="p">Are You Lonesome Tonight</subfield>
    <subfield code="9">16447</subfield>
  </datafield>
  <datafield tag="942" ind1=" " ind2=" ">
    <subfield code="c">CD</subfield>
    <subfield code="2">ddc</subfield>
  </datafield>
  <datafield tag="952" ind1=" " ind2=" ">
    <subfield code="0">0</subfield>
    <subfield code="1">0</subfield>
    <subfield code="4">0</subfield>
    <subfield code="6">26713_000000000000000</subfield>
    <subfield code="7">1</subfield>
    <subfield code="a">SPICS</subfield>
    <subfield code="b">SPICS</subfield>
    <subfield code="d">2013-10-25</subfield>
    <subfield code="l">0</subfield>
    <subfield code="o">26713</subfield>
    <subfield code="r">2013-10-25 00:00:00</subfield>
    <subfield code="w">2013-10-25</subfield>
    <subfield code="y">CD</subfield>
    <subfield code="z">Progr. Ins.: 6271 / N.Vol.: 1 / Copie: 1 - Copia rara: n.d. / date import: 01.01.2014 - By Epidotti, Trombetti, Vaglietti</subfield>
  </datafield>
</record>
